000
00308nam a2200121Ia 4500
008
190216s9999||||xx |||||||||||||| ||und||
100
_a
Raymond F Valentine
245
0
_a
Performance Objectives For Managers
260
_b
New Central Book Agencies
_c
1966
300
_a
208p
650
_a
Commerce
942
_c
BK
999
_c
4481
_d
4481